[Event "Mästar Elit"]
[Site "Örebro"]
[Date "2013.07.11"]
[Round "6"]
[White "Frisk Kockum, Anton"]
[Black "Kenneskog, Theodor"]
[Result "1/2-1/2"]
[BlackElo "2228"]
[WhiteElo "2346"]

1. d4 {[%clk 1:30:56]} Nf6 {[%clk 1:30:52]} 2. c4 {[%clk 1:31:19]} g6
{[%clk 1:31:15]} 3. Nc3 {[%clk 1:31:44]} d5 {[%clk 1:31:40]} 4. cxd5
{[%clk 1:31:23]} Nxd5 {[%clk 1:32:04]} 5. Bd2 {[%clk 1:31:26]} Bg7
{[%clk 1:31:53]} 6. e4 {[%clk 1:31:38]} Nxc3 {[%clk 1:32:13]} 7. Bxc3
{[%clk 1:31:56]} O-O {[%clk 1:32:03]} 8. Nf3 {[%clk 1:31:12]} c5 {[%clk 1:32:21]}
9. d5 {[%clk 1:30:19]} Bxc3+ {[%clk 1:32:29]} 10. bxc3 {[%clk 1:30:42]} Bg4
{[%clk 1:32:23]} 11. Be2 {[%clk 1:29:19]} Qa5 {[%clk 1:32:32]} 12. Qd2
{[%clk 1:28:10]} Nd7 {[%clk 1:32:24]} 13. O-O {[%clk 1:27:00]} c4
{[%clk 1:21:34]} 14. Rfb1 {[%clk 1:26:37]} Bxf3 {[%clk 1:16:29]} 15. gxf3
{[%clk 1:26:54]} b5 {[%clk 1:15:41]} 16. a4 {[%clk 1:23:14]} bxa4
{[%clk 1:15:24]} 17. Rb4 {[%clk 1:15:30]} Nb6 {[%clk 1:08:20]} 18. Bxc4
{[%clk 1:10:02]} Qc5 {[%clk 0:54:59]} 19. Ba6 {[%clk 0:44:46]} f5
{[%clk 0:42:13]} 20. Qd4 {[%clk 0:39:21]} Qc7 {[%clk 0:38:05]} 21. e5
{[%clk 0:38:29]} Rad8 {[%clk 0:37:32]} 22. Bc4 {[%clk 0:34:27]} Nxc4
{[%clk 0:32:52]} 23. Rxc4 {[%clk 0:34:50]} Qb7 {[%clk 0:33:19]} 24. Rc6
{[%clk 0:30:37]} e6 {[%clk 0:26:33]} 25. Rxe6 {[%clk 0:24:43]} Qxd5
{[%clk 0:24:36]} 26. Qxd5 {[%clk 0:24:25]} Rxd5 {[%clk 0:25:04]} 27. Rxa4
{[%clk 0:23:59]} Rf7 {[%clk 0:23:18]} 28. Rc4 {[%clk 0:08:45]} a5
{[%clk 0:18:14]} 29. Rc8+ {[%clk 0:08:53]} Kg7 {[%clk 0:15:49]} 30. f4
{[%clk 0:06:51]} Ra7 {[%clk 0:14:30]} 31. Rd6 {[%clk 0:02:56]} Rxd6
{[%clk 0:09:33]} 32. exd6 {[%clk 0:03:24]} Kf6 {[%clk 0:09:58]} 33. c4
{[%clk 0:01:43]} a4 {[%clk 0:06:01]} 34. c5 {[%clk 0:01:37]} a3 {[%clk 0:06:02]}
35. c6 {[%clk 0:01:24]} a2 {[%clk 0:06:04]} 36. d7 {[%clk 0:01:02]} a1=Q+
{[%clk 0:04:42]} 37. Kg2 {[%clk 0:01:27]} Qd1 {[%clk 0:03:01]} 38. d8=Q+
{[%clk 0:01:23]} Qxd8 {[%clk 0:03:22]} 39. Rxd8 {[%clk 0:01:49]} Rc7
{[%clk 0:03:37]} 40. Rh8 {[%clk 0:31:19]} Kg7 {[%clk 0:32:46]} 41. Rd8
{[%clk 0:31:26]} 1/2-1/2

[Event "Mästar Elit"]
[Site "Örebro"]
[Date "2013.07.11"]
[Round "6"]
[White "Persson, Andreas"]
[Black "Cramling, Dan"]
[Result "0-1"]
[BlackElo "2371"]
[WhiteElo "2167"]

1. e4 {[%clk 1:30:58]} c5 {[%clk 1:30:31]} 2. Nc3 {[%clk 1:30:59]} Nc6
{[%clk 1:30:35]} 3. f4 {[%clk 1:30:59]} g6 {[%clk 1:30:41]} 4. Nf3
{[%clk 1:30:55]} Bg7 {[%clk 1:31:01]} 5. Bb5 {[%clk 1:30:46]} Nd4
{[%clk 1:30:41]} 6. O-O {[%clk 1:30:28]} Nxb5 {[%clk 1:22:25]} 7. Nxb5
{[%clk 1:30:50]} a6 {[%clk 1:19:19]} 8. Nc3 {[%clk 1:29:33]} d6 {[%clk 1:19:12]}
9. d3 {[%clk 1:26:18]} b5 {[%clk 1:13:00]} 10. Qe1 {[%clk 1:21:01]} Bb7
{[%clk 1:10:02]} 11. a4 {[%clk 1:13:32]} b4 {[%clk 1:07:21]} 12. Nd1
{[%clk 1:13:28]} Nf6 {[%clk 0:46:41]} 13. Ne3 {[%clk 1:00:04]} O-O
{[%clk 0:37:10]} 14. f5 {[%clk 0:58:27]} e6 {[%clk 0:34:16]} 15. fxg6
{[%clk 0:52:15]} fxg6 {[%clk 0:34:05]} 16. Ng5 {[%clk 0:48:16]} Qe7
{[%clk 0:32:45]} 17. Nc4 {[%clk 0:45:34]} Nd7 {[%clk 0:24:01]} 18. Rf4
{[%clk 0:37:24]} Rae8 {[%clk 0:20:06]} 19. Rh4 {[%clk 0:33:16]} Bd4+
{[%clk 0:13:47]} 20. Be3 {[%clk 0:29:38]} Qxg5 {[%clk 0:12:51]} 21. Bxd4
{[%clk 0:29:53]} cxd4 {[%clk 0:13:03]} 22. Nxd6 {[%clk 0:30:06]} Rb8
{[%clk 0:11:06]} 23. Rh3 {[%clk 0:30:12]} a5 {[%clk 0:10:28]} 24. Qe2
{[%clk 0:29:58]} Qc5 {[%clk 0:09:15]} 25. Nxb7 {[%clk 0:29:39]} Rxb7
{[%clk 0:09:42]} 26. Qg4 {[%clk 0:29:51]} Qe5 {[%clk 0:08:13]} 27. Qh4
{[%clk 0:29:54]} Nf6 {[%clk 0:07:51]} 28. Rf1 {[%clk 0:30:04]} Rbf7
{[%clk 0:06:57]} 29. Rhf3 {[%clk 0:29:56]} Kg7 {[%clk 0:06:52]} 30. g4
{[%clk 0:30:03]} h5 {[%clk 0:03:12]} 0-1

[Event "Mästar Elit"]
[Site "Örebro"]
[Date "2013.07.11"]
[Round "6"]
[White "Andersson, Tommy"]
[Black "Andréasson, Ingvar"]
[Result "1/2-1/2"]
[BlackElo "2345"]
[WhiteElo "2345"]

1. d4 {[%clk 1:30:58]} Nf6 {[%clk 1:29:37]} 2. c4 {[%clk 1:31:22]} e6
{[%clk 1:30:01]} 3. Nf3 {[%clk 1:31:48]} b6 {[%clk 1:30:23]} 4. g3
{[%clk 1:32:03]} Ba6 {[%clk 1:30:45]} 5. Qa4 {[%clk 1:32:04]} c6 {[%clk 1:31:06]}
6. Bg2 {[%clk 1:28:12]} b5 {[%clk 1:30:43]} 7. cxb5 {[%clk 1:28:15]} Bxb5
{[%clk 1:31:04]} 8. Qc2 {[%clk 1:27:55]} d5 {[%clk 1:27:24]} 9. O-O
{[%clk 1:27:17]} Be7 {[%clk 1:21:57]} 10. Bf4 {[%clk 1:26:13]} O-O
{[%clk 1:12:15]} 11. Nc3 {[%clk 1:18:46]} Ba6 {[%clk 0:57:57]} 12. Na4
{[%clk 1:05:53]} Nbd7 {[%clk 0:49:45]} 13. Rab1 {[%clk 0:55:26]} Qa5
{[%clk 0:44:13]} 14. Bd2 {[%clk 0:39:20]} Qc7 {[%clk 0:41:20]} 15. b4
{[%clk 0:34:14]} Bd6 {[%clk 0:39:11]} 16. Rfe1 {[%clk 0:31:07]} Ne4
{[%clk 0:35:03]} 17. Ng5 {[%clk 0:29:19]} Nxg5 {[%clk 0:31:33]} 18. Bxg5
{[%clk 0:29:47]} Bb5 {[%clk 0:23:44]} 19. Bd2 {[%clk 0:26:28]} Bxa4
{[%clk 0:21:14]} 20. Qxa4 {[%clk 0:26:56]} Nb6 {[%clk 0:21:34]} 21. Qd1
{[%clk 0:20:45]} Nc4 {[%clk 0:18:06]} 22. e3 {[%clk 0:15:22]} a5 {[%clk 0:17:02]}
23. bxa5 {[%clk 0:15:40]} Nxd2 {[%clk 0:16:35]} 24. Qxd2 {[%clk 0:16:02]} Qxa5
1/2-1/2

[Event "Mästar Elit"]
[Site "Örebro"]
[Date "2013.07.11"]
[Round "6"]
[White "Larsson, Anders"]
[Black "Sagit, Rauan"]
[Result "0-1"]
[BlackElo "2355"]
[WhiteElo "2314"]

1. e4 {[%clk 1:30:07]} c5 {[%clk 1:30:45]} 2. Nf3 {[%clk 1:30:22]} d6
{[%clk 1:31:03]} 3. Bc4 {[%clk 1:30:35]} Nf6 {[%clk 1:31:01]} 4. d3
{[%clk 1:30:09]} Nc6 {[%clk 1:31:10]} 5. c3 {[%clk 1:29:08]} a6 {[%clk 1:31:04]}
6. Bb3 {[%clk 1:26:13]} Bg4 {[%clk 1:30:51]} 7. h3 {[%clk 1:23:14]} Bh5
{[%clk 1:30:47]} 8. Bg5 {[%clk 1:16:38]} e6 {[%clk 1:27:42]} 9. g4
{[%clk 1:03:02]} Bg6 {[%clk 1:28:00]} 10. Nh4 {[%clk 1:03:04]} Be7
{[%clk 1:26:35]} 11. f4 {[%clk 0:55:21]} Nd7 {[%clk 1:24:45]} 12. Bxe7
{[%clk 0:50:47]} Qxe7 {[%clk 1:25:04]} 13. Nf3 {[%clk 0:49:07]} h5
{[%clk 1:16:49]} 14. Rg1 {[%clk 0:46:39]} hxg4 {[%clk 1:16:53]} 15. hxg4
{[%clk 0:47:02]} c4 {[%clk 1:16:08]} 16. dxc4 {[%clk 0:37:50]} Bxe4
{[%clk 1:15:43]} 17. Nbd2 {[%clk 0:38:07]} d5 {[%clk 1:13:43]} 18. Nxe4
{[%clk 0:23:35]} dxe4 {[%clk 1:14:33]} 19. Nd4 {[%clk 0:22:58]} Rh2
{[%clk 1:11:52]} 0-1

[Event "Mästar Elit"]
[Site "Örebro"]
[Date "2013.07.12"]
[Round "7"]
[White "Lindgren, Philip"]
[Black "Persson, Andreas"]
[Result "1-0"]
[BlackElo "2167"]
[WhiteElo "2287"]

1. d4 {[%clk 1:30:47]} Nf6 {[%clk 1:30:34]} 2. c4 {[%clk 1:30:49]} c5
{[%clk 1:30:35]} 3. d5 {[%clk 1:31:00]} b5 {[%clk 1:30:33]} 4. cxb5
{[%clk 1:30:54]} a6 {[%clk 1:30:39]} 5. bxa6 {[%clk 1:31:00]} g6 {[%clk 1:30:25]}
6. Nc3 {[%clk 1:31:02]} Bxa6 {[%clk 1:30:26]} 7. Nf3 {[%clk 1:30:34]} d6
{[%clk 1:27:57]} 8. g3 {[%clk 1:29:44]} Bg7 {[%clk 1:27:36]} 9. Bg2
{[%clk 1:29:56]} Nbd7 {[%clk 1:27:35]} 10. Rb1 {[%clk 1:29:25]} O-O
{[%clk 1:27:17]} 11. O-O {[%clk 1:29:26]} Qa5 {[%clk 1:27:00]} 12. Bd2
{[%clk 1:28:21]} Bb7 {[%clk 1:25:17]} 13. b3 {[%clk 1:22:21]} Qa7
{[%clk 1:19:06]} 14. Bc1 {[%clk 1:05:51]} Nb6 {[%clk 1:10:58]} 15. Nh4
{[%clk 1:02:14]} Ne8 {[%clk 1:01:57]} 16. Bb2 {[%clk 1:01:49]} Nc7
{[%clk 1:01:35]} 17. Qd2 {[%clk 0:56:50]} Qa5 {[%clk 0:59:16]} 18. Rfd1
{[%clk 0:54:07]} c4 {[%clk 0:50:42]} 19. b4 {[%clk 0:47:28]} Qxb4
{[%clk 0:48:15]} 20. Ba1 {[%clk 0:47:06]} Qa5 {[%clk 0:46:37]} 21. Qe3
{[%clk 0:47:01]} Ncxd5 {[%clk 0:34:15]} 22. Nxd5 {[%clk 0:41:38]} Nxd5
{[%clk 0:31:40]} 23. Bxd5 {[%clk 0:41:33]} Bxd5 {[%clk 0:29:24]} 24. Bxg7
{[%clk 0:41:31]} Kxg7 {[%clk 0:29:28]} 25. Qd4+ {[%clk 0:41:31]} f6
{[%clk 0:29:33]} 26. Qxd5 {[%clk 0:41:38]} Qxd5 {[%clk 0:26:57]} 27. Rxd5
{[%clk 0:42:00]} Rxa2 {[%clk 0:24:54]} 28. Kf1 {[%clk 0:34:17]} Rc8
{[%clk 0:23:34]} 29. Rc1 {[%clk 0:32:50]} Rb8 {[%clk 0:16:23]} 30. Nf3
{[%clk 0:20:32]} c3 {[%clk 0:13:32]} 31. Rd3 {[%clk 0:16:05]} Rbb2
{[%clk 0:10:32]} 32. Re3 {[%clk 0:15:56]} e5 {[%clk 0:10:28]} 33. Rcxc3
{[%clk 0:14:41]} d5 {[%clk 0:10:45]} 34. Rb3 {[%clk 0:11:04]} Rc2
{[%clk 0:11:04]} 35. g4 {[%clk 0:06:29]} d4 {[%clk 0:09:30]} 36. Re4
{[%clk 0:06:51]} g5 {[%clk 0:08:32]} 37. h4 {[%clk 0:06:26]} h6 {[%clk 0:08:15]}
38. h5 {[%clk 0:06:26]} Kf7 {[%clk 0:08:03]} 39. Rb7+ {[%clk 0:06:23]} Kg8
{[%clk 0:06:46]} 40. Rd7 {[%clk 0:33:00]} Rc4 {[%clk 0:33:58]} 41. Nxe5
{[%clk 0:29:42]} fxe5 {[%clk 0:33:38]} 42. Rxe5 {[%clk 0:30:03]} Kf8
{[%clk 0:32:48]} 43. f3 {[%clk 0:19:58]} Rb4 {[%clk 0:31:41]} 44. Kf2
{[%clk 0:18:39]} Rd2 {[%clk 0:26:17]} 45. Ra5 {[%clk 0:17:09]} Rb8
{[%clk 0:22:56]} 46. Ke1 {[%clk 0:13:30]} Rdb2 {[%clk 0:22:09]} 47. Rxd4
{[%clk 0:13:31]} Re8 {[%clk 0:22:13]} 48. Rd2 {[%clk 0:13:23]} Rb3
{[%clk 0:20:53]} 49. Kf2 {[%clk 0:12:58]} Rb6 {[%clk 0:19:54]} 50. Rda2
{[%clk 0:12:18]} Rbe6 {[%clk 0:19:51]} 51. Ra6 {[%clk 0:12:28]} 1-0

[Event "Mästar Elit"]
[Site "Örebro"]
[Date "2013.07.12"]
[Round "7"]
[White "Cramling, Dan"]
[Black "Andersson, Tommy"]
[Result "0-1"]
[BlackElo "2345"]
[WhiteElo "2371"]

1. Nf3 {[%clk 1:28:24]} Nf6 {[%clk 1:30:55]} 2. c4 {[%clk 1:28:44]} g6
{[%clk 1:31:19]} 3. Nc3 {[%clk 1:29:06]} d5 {[%clk 1:31:37]} 4. cxd5
{[%clk 1:29:26]} Nxd5 {[%clk 1:31:28]} 5. h4 {[%clk 1:29:44]} h6 {[%clk 1:29:58]}
6. e4 {[%clk 1:29:12]} Nxc3 {[%clk 1:29:06]} 7. bxc3 {[%clk 1:29:37]} Bg7
{[%clk 1:29:02]} 8. d4 {[%clk 1:29:38]} O-O {[%clk 1:28:58]} 9. Be2
{[%clk 1:29:13]} c5 {[%clk 1:28:52]} 10. Rb1 {[%clk 1:29:27]} Qa5
{[%clk 1:26:06]} 11. Rb5 {[%clk 1:26:39]} Qxa2 {[%clk 1:09:35]} 12. Rxc5
{[%clk 1:24:39]} Qe6 {[%clk 1:08:09]} 13. Ne5 {[%clk 1:11:09]} Nd7
{[%clk 0:38:07]} 14. Bc4 {[%clk 1:02:38]} Qd6 {[%clk 0:34:59]} 15. Nxd7
{[%clk 0:50:12]} Bxd7 {[%clk 0:28:22]} 16. e5 {[%clk 0:48:33]} Qb6
{[%clk 0:25:40]} 17. Ba3 {[%clk 0:22:50]} e6 {[%clk 0:21:43]} 18. Bd3
{[%clk 0:19:21]} Rfc8 {[%clk 0:13:52]} 19. h5 {[%clk 0:12:41]} Be8
{[%clk 0:11:26]} 20. hxg6 {[%clk 0:05:11]} fxg6 {[%clk 0:09:19]} 21. Qg4
{[%clk 0:04:32]} Qb3 {[%clk 0:07:05]} 22. Bxg6 {[%clk 0:02:03]} Rxc5
{[%clk 0:02:43]} 23. Bxc5 {[%clk 0:01:32]} Qxc3+ {[%clk 0:03:06]} 24. Ke2
{[%clk 0:01:49]} Bb5+ {[%clk 0:03:12]} 25. Kd1 {[%clk 0:02:16]} Qa1+
{[%clk 0:02:58]} 26. Kd2 {[%clk 0:02:44]} Qxh1 {[%clk 0:02:05]} 27. Bc2
{[%clk 0:02:46]} Qf1 {[%clk 0:00:42]} 28. Qg6 {[%clk 0:02:43]} Qxf2+
{[%clk 0:01:02]} 29. Kc3 {[%clk 0:02:38]} Qe3+ {[%clk 0:01:20]} 30. Kb4
{[%clk 0:03:00]} Qg5 {[%clk 0:01:33]} 31. Qxe6+ {[%clk 0:02:50]} Kh8
{[%clk 0:02:01]} 32. Kxb5 {[%clk 0:03:07]} b6 {[%clk 0:00:38]} 33. Be7
{[%clk 0:02:43]} Qxg2 {[%clk 0:00:34]} 34. Qf5 {[%clk 0:02:46]} Qd5+
{[%clk 0:00:53]} 35. Ka6 {[%clk 0:01:36]} Qg8 {[%clk 0:00:50]} 36. d5
{[%clk 0:00:43]} Rc8 {[%clk 0:00:54]} 37. e6 {[%clk 0:00:42]} Rc3
{[%clk 0:01:09]} 38. Be4 {[%clk 0:00:42]} Qc8+ {[%clk 0:01:28]} 39. Kb5
{[%clk 0:00:42]} 0-1

[Event "Mästar Elit"]
[Site "Örebro"]
[Date "2013.07.12"]
[Round "7"]
[White "Sagit, Rauan"]
[Black "Johansson, Linus"]
[Result "1-0"]
[BlackElo "2347"]
[WhiteElo "2355"]

1. e4 {[%clk 1:27:34]} e6 {[%clk 1:30:06]} 2. d4 {[%clk 1:27:22]} d5
{[%clk 1:30:32]} 3. Nc3 {[%clk 1:27:39]} Bb4 {[%clk 1:30:58]} 4. e5
{[%clk 1:26:57]} c5 {[%clk 1:31:26]} 5. a3 {[%clk 1:27:11]} Bxc3+
{[%clk 1:31:53]} 6. bxc3 {[%clk 1:27:30]} Ne7 {[%clk 1:32:18]} 7. Bd3
{[%clk 1:26:24]} Qc7 {[%clk 1:18:50]} 8. Nf3 {[%clk 1:23:03]} b6 {[%clk 1:17:56]}
9. O-O {[%clk 1:22:12]} Ba6 {[%clk 1:17:55]} 10. a4 {[%clk 1:20:14]} Bxd3
{[%clk 1:17:16]} 11. cxd3 {[%clk 1:20:33]} O-O {[%clk 1:16:25]} 12. Ba3
{[%clk 1:18:04]} Nd7 {[%clk 1:16:30]} 13. Re1 {[%clk 1:17:14]} Rfc8
{[%clk 1:10:58]} 14. Rc1 {[%clk 1:13:59]} Qd8 {[%clk 1:05:07]} 15. h3
{[%clk 1:07:35]} Rc6 {[%clk 1:04:28]} 16. c4 {[%clk 1:01:25]} Rac8
{[%clk 1:03:43]} 17. Qb3 {[%clk 0:55:29]} h6 {[%clk 1:00:18]} 18. Qa2
{[%clk 0:50:41]} Nf8 {[%clk 0:51:13]} 19. dxc5 {[%clk 0:43:13]} bxc5
{[%clk 0:50:20]} 20. cxd5 {[%clk 0:38:48]} Qxd5 {[%clk 0:47:55]} 21. Qxd5
{[%clk 0:38:49]} Nxd5 {[%clk 0:47:45]} 22. Re4 {[%clk 0:37:11]} Nd7
{[%clk 0:47:33]} 23. Nd2 {[%clk 0:35:45]} f5 {[%clk 0:43:43]} 24. exf6
{[%clk 0:35:40]} N5xf6 {[%clk 0:42:49]} 25. Rec4 {[%clk 0:30:43]} Nb6
{[%clk 0:42:03]} 26. Rxc5 {[%clk 0:30:41]} Rxc5 {[%clk 0:42:30]} 27. Rxc5
{[%clk 0:30:55]} Rxc5 {[%clk 0:42:51]} 28. Bxc5 {[%clk 0:31:14]} Nxa4
{[%clk 0:42:35]} 29. Bxa7 {[%clk 0:31:32]} Nb2 {[%clk 0:42:56]} 30. d4
{[%clk 0:31:42]} Nd3 {[%clk 0:43:12]} 31. Kf1 {[%clk 0:28:43]} Nd7
{[%clk 0:42:40]} 32. Ke2 {[%clk 0:28:12]} Nf4+ {[%clk 0:43:06]} 33. Kf3
{[%clk 0:28:11]} Nd5 {[%clk 0:43:32]} 34. Nc4 {[%clk 0:26:20]} Kf7
{[%clk 0:43:14]} 35. Bc5 {[%clk 0:24:50]} Kf6 {[%clk 0:43:06]} 36. Bd6
{[%clk 0:24:59]} Kf7 {[%clk 0:42:03]} 37. g4 {[%clk 0:20:17]} N5b6
{[%clk 0:41:31]} 38. Nb2 {[%clk 0:19:49]} Nf6 {[%clk 0:39:45]} 39. Nd3
{[%clk 0:15:49]} h5 {[%clk 0:37:42]} 40. Ne5+ {[%clk 0:44:06]} Kg8
{[%clk 1:07:59]} 41. g5 {[%clk 0:43:21]} Nfd7 {[%clk 1:08:20]} 42. Nxd7
{[%clk 0:40:06]} Nxd7 {[%clk 1:08:43]} 43. g6 {[%clk 0:40:12]} Nf6
{[%clk 1:06:41]} 44. Kf4 {[%clk 0:40:08]} 1-0

[Event "Mästar Elit"]
[Site "Örebro"]
[Date "2013.07.12"]
[Round "7"]
[White "Andréasson, Ingvar"]
[Black "Frisk Kockum, Anton"]
[Result "1-0"]
[BlackElo "2346"]
[WhiteElo "2345"]

1. d4 {[%clk 1:20:21]} e6 {[%clk 1:30:40]} 2. Nf3 {[%clk 1:20:32]} f5
{[%clk 1:30:23]} 3. c4 {[%clk 1:17:26]} Nf6 {[%clk 1:30:46]} 4. g3
{[%clk 1:17:47]} d5 {[%clk 1:31:05]} 5. cxd5 {[%clk 1:17:31]} exd5
{[%clk 1:31:17]} 6. Bg2 {[%clk 1:17:22]} Bd6 {[%clk 1:26:55]} 7. Nc3
{[%clk 1:15:31]} c6 {[%clk 1:26:49]} 8. Bf4 {[%clk 1:15:25]} Bxf4
{[%clk 1:26:19]} 9. gxf4 {[%clk 1:15:52]} O-O {[%clk 1:25:45]} 10. O-O
{[%clk 1:15:51]} Ne4 {[%clk 1:21:28]} 11. Qc2 {[%clk 1:13:58]} Nd7
{[%clk 1:13:51]} 12. e3 {[%clk 1:13:37]} Rf6 {[%clk 1:08:53]} 13. Ne2
{[%clk 1:12:25]} b6 {[%clk 0:59:10]} 14. Rfd1 {[%clk 0:56:37]} Bb7
{[%clk 0:56:41]} 15. Ng3 {[%clk 0:56:47]} Qe7 {[%clk 0:53:24]} 16. Ne5
{[%clk 0:46:56]} Raf8 {[%clk 0:48:25]} 17. f3 {[%clk 0:44:18]} Nd6
{[%clk 0:46:59]} 18. Bf1 {[%clk 0:43:27]} Rc8 {[%clk 0:42:34]} 19. Rac1
{[%clk 0:41:41]} Nf8 {[%clk 0:39:38]} 20. Bd3 {[%clk 0:41:15]} g6
{[%clk 0:37:06]} 21. Qa4 {[%clk 0:40:22]} Ba8 {[%clk 0:36:30]} 22. b4
{[%clk 0:37:00]} b5 {[%clk 0:35:58]} 23. Qa6 {[%clk 0:34:56]} Rc7
{[%clk 0:31:51]} 24. Re1 {[%clk 0:30:31]} Nc4 {[%clk 0:31:58]} 25. Bxc4
{[%clk 0:30:24]} dxc4 {[%clk 0:30:54]} 26. Qa5 {[%clk 0:26:44]} Bb7
{[%clk 0:27:51]} 27. Qa3 {[%clk 0:26:10]} Nd7 {[%clk 0:25:25]} 28. e4
{[%clk 0:21:28]} fxe4 {[%clk 0:19:59]} 29. Nxe4 {[%clk 0:18:46]} Rxf4
{[%clk 0:16:19]} 30. Qe3 {[%clk 0:16:15]} Rf8 {[%clk 0:15:44]} 31. Ng4
{[%clk 0:11:54]} Qg7 {[%clk 0:03:53]} 32. Ng5 {[%clk 0:06:55]} c5
{[%clk 0:03:11]} 33. Ne6 {[%clk 0:06:02]} cxd4 {[%clk 0:03:10]} 34. Qg5
{[%clk 0:06:20]} Ne5 {[%clk 0:01:28]} 35. Rxe5 {[%clk 0:05:18]} Qe7
{[%clk 0:01:28]} 36. Nxc7 {[%clk 0:05:08]} Qxg5 {[%clk 0:01:17]} 37. Rxg5
{[%clk 0:05:36]} Bxf3 {[%clk 0:01:37]} 38. Nxb5 {[%clk 0:02:51]} d3
{[%clk 0:01:41]} 39. Nc3 {[%clk 0:02:54]} Kg7 {[%clk 0:00:46]} 40. Ne5
{[%clk 0:32:15]} d2 {[%clk 0:30:47]} 41. Rf1 {[%clk 0:32:28]} Be2
{[%clk 0:30:56]} 42. Rxf8 {[%clk 0:32:45]} 1-0

[Event "Mästar Elit"]
[Site "Örebro"]
[Date "2013.07.12"]
[Round "7"]
[White "Kenneskog, Theodor"]
[Black "Larsson, Anders"]
[Result "1-0"]
[BlackElo "2314"]
[WhiteElo "2228"]

1. e4 e6 2. d4 d5 3. Nd2 Be7 4. e5 c5 5. Qg4 g6 6. dxc5 Nc6 7. Ngf3 Qc7 8. Nb3
Nxe5 9. Nxe5 Qxe5+ 10. Be3 Nf6 11. Qf3 Bd7 12. O-O-O Qf5 13. Qg3 e5 14. f3 O-O
15. Bd3 Qe6 16. Rhe1 Nh5 17. Qf2 Qf6 18. g3 Ba4 19. f4 Bxb3 20. axb3 exf4 21.
gxf4 Qh4 22. Qf3 Bf6 23. Rg1 Bg7 24. f5 Rfe8 25. Bg5 Qd4 26. c3 Qxc5 27. f6 Bf8
28. Qxh5 Qxg1 29. Rxg1 gxh5 30. Bh6+ Kh8 31. Bxf8 Rxf8 32. Rg7 Rad8 33. Rxh7+ Kg8
34. Rxh5 Rd6 35. Bh7+ Kh8 36. Be4+ Kg8 37. Rg5+ Kh8 38. Rh5+ Kg8 39. Bh7+ Kh8 40.
Rh6 b6 41. Kd2 Rxf6 42. Rxf6 Kxh7 43. Rd6 Kg7 44. Rxd5 Rh8 45. Rg5+ Kf6 46. Rg2
Rh3 47. Re2 Kg5 48. b4 f5 49. Ke1 Kf4 50. Kf1 Rh7 51. c4 Kf3 52. Rc2 f4 53. c5 a5
54. c6 1-0

[Event "Mästar Elit"]
[Site "Örebro"]
[Date "2013.07.13"]
[Round "8"]
[White "Persson, Andreas"]
[Black "Andersson, Tommy"]
[Result "0-1"]
[BlackElo "2345"]
[WhiteElo "2167"]

1. e4 {[%clk 1:30:56]} c5 {[%clk 1:30:55]} 2. Nf3 {[%clk 1:31:02]} e6
{[%clk 1:31:19]} 3. d3 {[%clk 1:31:13]} d5 {[%clk 1:30:59]} 4. Qe2
{[%clk 1:31:31]} Nf6 {[%clk 1:29:03]} 5. g3 {[%clk 1:31:41]} Be7 {[%clk 1:27:12]}
6. Bg2 {[%clk 1:31:49]} Nc6 {[%clk 1:26:56]} 7. O-O {[%clk 1:31:21]} O-O
{[%clk 1:26:35]} 8. e5 {[%clk 1:31:15]} Nd7 {[%clk 1:26:46]} 9. c4
{[%clk 1:31:23]} d4 {[%clk 1:24:42]} 10. h4 {[%clk 1:29:48]} Kh8 {[%clk 1:20:13]}
11. Bf4 {[%clk 1:24:59]} f6 {[%clk 1:09:42]} 12. exf6 {[%clk 1:22:47]} gxf6
{[%clk 1:04:41]} 13. Nbd2 {[%clk 1:14:18]} e5 {[%clk 0:58:59]} 14. Bh6
{[%clk 1:13:58]} Rg8 {[%clk 0:56:02]} 15. Nh2 {[%clk 1:10:50]} Rg6
{[%clk 0:51:25]} 16. Qh5 {[%clk 1:08:05]} f5 {[%clk 0:45:40]} 17. Bg5
{[%clk 0:59:40]} Bxg5 {[%clk 0:42:05]} 18. hxg5 {[%clk 1:00:01]} Qxg5
{[%clk 0:37:03]} 19. Qxg5 {[%clk 0:59:50]} Rxg5 {[%clk 0:37:30]} 20. a3
{[%clk 0:54:47]} f4 {[%clk 0:31:31]} 21. Rae1 {[%clk 0:41:53]} Nf6
{[%clk 0:17:09]} 22. Bxc6 {[%clk 0:34:03]} bxc6 {[%clk 0:17:05]} 23. Nhf3
{[%clk 0:33:28]} Rg7 {[%clk 0:14:44]} 24. Rxe5 {[%clk 0:29:19]} Bh3
{[%clk 0:07:28]} 25. Rfe1 {[%clk 0:29:04]} fxg3 {[%clk 0:07:06]} 26. fxg3
{[%clk 0:25:18]} Rag8 {[%clk 0:04:57]} 27. Kh2 {[%clk 0:10:06]} Bd7
{[%clk 0:04:57]} 28. Ne4 {[%clk 0:07:21]} Ng4+ {[%clk 0:02:32]} 29. Kg2
{[%clk 0:07:30]} Nxe5 {[%clk 0:02:48]} 30. Nxe5 {[%clk 0:07:41]} Bf5
{[%clk 0:02:21]} 31. Ng5 {[%clk 0:07:29]} Rb7 {[%clk 0:01:49]} 32. Ngf7+
{[%clk 0:06:38]} Kg7 {[%clk 0:02:17]} 33. Nd6 {[%clk 0:05:56]} Rxb2+
{[%clk 0:02:37]} 34. Kf3 {[%clk 0:05:58]} Rf8 {[%clk 0:02:48]} 35. Nxf5+
{[%clk 0:06:14]} Rxf5+ {[%clk 0:03:16]} 36. Ke4 {[%clk 0:06:22]} Rf6
{[%clk 0:03:32]} 37. g4 {[%clk 0:06:03]} Rbf2 {[%clk 0:03:06]} 0-1